00937cam a22002417a 45000010009000000050017000090080041000260100017000670200017000840350028001010350021001290500023001501000026001732450160001992460026003592600047003853000056004325040064004886500048005526500048006007000021006487000026006691458141620170114110858.0061003s2005 mm abe b 001 0 eng d a 2006494085 a9993270555 : a(CStRLIN)NYMA1571049X-B a(NNMM).b1571049x00aNA1455 .M3T43 20051 aThake, Conrad,d1963-10aMalta, war & peace :ban architectural chronicle 1800-2000 /cConrad Thake, Quentin Hughes ; foreword, Dennis Sharp ; photography and design, Daniel Cilia.30aMalta, war and peace. aSta Venera, Malta :bMidsea Books,cc2005. a260 p. :bill. (chiefly col.), map, plans ;c31 cm. aIncludes bibliographical references (p. 254-257) and index. 0aArchitecturezMaltaxHistoryy19th century. 0aArchitecturezMaltaxHistoryy20th century.1 aHughes, Quentin.1 aCilia, Daniel,d1963-